[Event "Alzira op 12th"]
[Site "Alzira"]
[Date "2022.12.29"]
[Round "5"]
[White "Alcaniz Perez, Javier"]
[Black "Sancho Boluda, Albert"]
[Result "1-0"]
[WhiteElo "1567"]
[BlackElo "1123"]
[PlyCount "61"]
[EventDate "2022.12.27"]
[EventType "swiss"]
[EventRounds "8"]
[EventCountry "ESP"]
[SourceTitle "CBM 212 Extra"]
[Source "ChessBase"]
[SourceDate "2023.03.31"]
[SourceVersion "1"]
[SourceVersionDate "2023.03.31"]
[SourceQuality "1"]

1. e4 Nc6 2. Nf3 e6 3. Bb5 Nge7 4. 0-0 g6 5. c3 Bg7 6. d4 0-0 7. d5 Ne5 8. Nxe5 Bxe5 9. Bg5 a6 10. Ba4 Bg7 11. d6 cxd6 12. Qxd6 f6 13. Be3 f5 14. Bc5 Nc6 15. Nd2 Be5 16. Qd3 d6 17. Ba3 Ne7 18. f4 fxe4 19. Qxe4 Bg7 20. Rad1 Bd7 21. Bb3 Qb6+ 22. Kh1 d5 23. Qe1 Nf5 24. Bxf8 Rxf8 25. Rf3 Qd6 26. Nc4 Qc7 27. Ne5 Nh4 28. Qxh4 Bxe5 29. fxe5 Rxf3 30. gxf3 Qxe5 31. Qd8+ 1-0

[Event "Burjassot U2200 op 7th"]
[Site "Burjassot"]
[Date "2019.10.25"]
[Round "7"]
[White "Sancho Boluda, Albert"]
[Black "Garcia Torres, Manuel"]
[Result "1-0"]
[WhiteElo "1043"]
[BlackElo "1003"]
[PlyCount "65"]
[EventDate "2019.09.06"]
[EventType "swiss"]
[EventRounds "7"]
[EventCountry "ESP"]
[SourceTitle "EXT 2024"]
[Source "ChessBase"]
[SourceDate "2023.10.10"]
[SourceVersion "1"]
[SourceVersionDate "2023.10.10"]
[SourceQuality "1"]

1. d4 d5 2. g3 Nf6 3. Bg2 c6 4. Nf3 e6 5. 0-0 Bd6 6. Bg5 0-0 7. e3 Nbd7 8. Bf4 Ne4 9. Nbd2 Ndf6 10. c4 b6 11. cxd5 Ba6 12. Re1 exd5 13. Ne5 Rc8 14. Nxe4 Nxe4 15. f3 Nf6 16. Rc1 Bb4 17. Nxc6 Rxc6 18. Rxc6 Bxe1 19. Qxe1 Bb7 20. Rc7 Ne8 21. Rxb7 Qa8 22. Re7 a5 23. e4 dxe4 24. fxe4 Qc6 25. e5 Qc4 26. Qe3 Qxa2 27. d5 Qxb2 28. Bf1 a4 29. e6 a3 30. exf7+ Rxf7 31. Rxe8+ Rf8 32. Qe6+ Kh8 33. Rxf8# 1-0